<?xml version="1.0" encoding="UTF-8"?>
<record
    xmlns:xsi="http://www.w3.org/2001/XMLSchema-instance"
    xsi:schemaLocation="http://www.loc.gov/MARC21/slim http://www.loc.gov/standards/marcxml/schema/MARC21slim.xsd"
    xmlns="http://www.loc.gov/MARC21/slim">

  <leader>00972cam a22002777a 4500</leader>
  <datafield tag="999" ind1=" " ind2=" ">
    <subfield code="c">3914</subfield>
    <subfield code="d">3914</subfield>
  </datafield>
  <controlfield tag="005">20210916125110.0</controlfield>
  <controlfield tag="008">060828s2007    gw a     b    000 0 eng d</controlfield>
  <datafield tag="020" ind1=" " ind2=" ">
    <subfield code="a">9783540283799</subfield>
  </datafield>
  <datafield tag="041" ind1=" " ind2=" ">
    <subfield code="a">eng</subfield>
  </datafield>
  <datafield tag="082" ind1="0" ind2="0">
    <subfield code="a">532.05</subfield>
    <subfield code="b">WIL/R</subfield>
  </datafield>
  <datafield tag="100" ind1=" " ind2=" ">
    <subfield code="a">J&#xE4;ger, Willi</subfield>
  </datafield>
  <datafield tag="245" ind1="0" ind2="0">
    <subfield code="a">Reactive flows, diffusion and transport :</subfield>
    <subfield code="b">from experiments via mathematical modeling to numerical simulation and optimization : final report of SFB (Collaborative Research Center) 359</subfield>
  </datafield>
  <datafield tag="260" ind1=" " ind2=" ">
    <subfield code="a">Berlin ;</subfield>
    <subfield code="a">New York :</subfield>
    <subfield code="b">Springer,</subfield>
    <subfield code="c">c2007.</subfield>
  </datafield>
  <datafield tag="300" ind1=" " ind2=" ">
    <subfield code="a">x, 676 p. :</subfield>
  </datafield>
  <datafield tag="500" ind1=" " ind2=" ">
    <subfield code="a">Research report.</subfield>
  </datafield>
  <datafield tag="650" ind1=" " ind2="0">
    <subfield code="a">Fluid dynamics</subfield>
    <subfield code="x">Mathematical models.</subfield>
  </datafield>
  <datafield tag="650" ind1=" " ind2="0">
    <subfield code="a">Chemical kinetics</subfield>
    <subfield code="x">Mathematical models.</subfield>
  </datafield>
  <datafield tag="650" ind1=" " ind2="0">
    <subfield code="a">Diffusion</subfield>
    <subfield code="x">Mathematical models.</subfield>
  </datafield>
  <datafield tag="650" ind1=" " ind2="0">
    <subfield code="a">Transport theory</subfield>
    <subfield code="x">Mathematical models.</subfield>
  </datafield>
  <datafield tag="650" ind1=" " ind2="7">
    <subfield code="a">Din&#xE2;mica dos flu&#xED;dos.</subfield>
  </datafield>
  <datafield tag="650" ind1=" " ind2="7">
    <subfield code="a">Cin&#xE9;tica qu&#xED;mica.</subfield>
  </datafield>
  <datafield tag="650" ind1=" " ind2="7">
    <subfield code="a">Modelos matem&#xE1;ticos.</subfield>
  </datafield>
  <datafield tag="700" ind1="1" ind2=" ">
    <subfield code="a">Rannacher, Rolf</subfield>
  </datafield>
  <datafield tag="700" ind1="1" ind2=" ">
    <subfield code="a">Warnatz, Jurgen</subfield>
  </datafield>
  <datafield tag="942" ind1=" " ind2=" ">
    <subfield code="c">BK</subfield>
  </datafield>
  <datafield tag="952" ind1=" " ind2=" ">
    <subfield code="0">0</subfield>
    <subfield code="1">0</subfield>
    <subfield code="4">0</subfield>
    <subfield code="7">0</subfield>
    <subfield code="8">CENG</subfield>
    <subfield code="a">IITTP</subfield>
    <subfield code="b">IITTP</subfield>
    <subfield code="c">REF</subfield>
    <subfield code="d">2021-09-16</subfield>
    <subfield code="g">7476.16</subfield>
    <subfield code="i">193/21-22</subfield>
    <subfield code="l">0</subfield>
    <subfield code="o">REF 532.05 JagR</subfield>
    <subfield code="p">07801</subfield>
    <subfield code="r">2021-09-16 00:00:00</subfield>
    <subfield code="v">14952.32</subfield>
    <subfield code="w">2021-07-28</subfield>
    <subfield code="y">REF</subfield>
  </datafield>
  <datafield tag="952" ind1=" " ind2=" ">
    <subfield code="0">0</subfield>
    <subfield code="1">0</subfield>
    <subfield code="4">0</subfield>
    <subfield code="7">0</subfield>
    <subfield code="8">CENG</subfield>
    <subfield code="a">IITTP</subfield>
    <subfield code="b">IITTP</subfield>
    <subfield code="c">GEN</subfield>
    <subfield code="d">2021-09-16</subfield>
    <subfield code="e">Capital Books</subfield>
    <subfield code="g">7476.16</subfield>
    <subfield code="i">193/21-22</subfield>
    <subfield code="l">0</subfield>
    <subfield code="o">532.05 WIL/R</subfield>
    <subfield code="p">07802</subfield>
    <subfield code="r">2021-09-16 00:00:00</subfield>
    <subfield code="v">14952.32</subfield>
    <subfield code="w">2021-07-28</subfield>
    <subfield code="y">BK</subfield>
  </datafield>
</record>
